000 00497nam a2200193 a 4500
001 1766480582045
003 YourLibrary
005 20251226120328.0
008 251223s2007##################000#0#eng##
020 _a9780520249431
082 0 4 _a280.409877
_bSMI
100 1 _aSmilde, David,
_eauthor.
245 1 0 _aReason to Believe :
260 _bUniv of California Press,
_c2007.
300 _a279 pages
650 0 _aHistory.
942 _cENGLISH
040 _aYourLibrary
_beng
_cYourLibrary
999 _c605183
_d605183